[Event "Titled Tuesday intern op 27th Sep Late"]
[Site "Chess.com INT"]
[Date "2022.09.27"]
[Round "6"]
[White "Bachmann, Axel"]
[Black "Wan, Caleb"]
[Result "0-1"]
[WhiteElo "2603"]
[BlackElo "1994"]
[PlyCount "58"]
[EventDate "2022.09.27"]
[EventType "swiss (blitz)"]
[EventRounds "11"]
[EventCountry "USA"]
[SourceTitle "CBM 210 Extra"]
[Source "ChessBase"]
[SourceDate "2022.11.30"]
[SourceVersion "1"]
[SourceVersionDate "2022.11.30"]
[SourceQuality "1"]

1. e4 e5 2. Nf3 Nc6 3. d4 exd4 4. Nxd4 Bb4+ 5. c3 Bc5 6. Be3 Bb6 7. Bc4 Nge7 8. 0-0 0-0 9. Nd2 d6 10. Bb3 Kh8 11. Nc4 f5 12. Nxb6 axb6 13. Nxf5 Nxf5 14. exf5 Bxf5 15. Qd2 Ne5 16. Bd4 Qh4 17. Bxe5 dxe5 18. Rae1 Rad8 19. Qe3 Bd3 20. Qxe5 Bxf1 21. Rxf1 Rd2 22. g3 Qf6 23. Qxf6 Rxf6 24. Re1 h6 25. Re7 Rfxf2 26. Bd5 Rxh2 27. Be4 Kg8 28. Bg6 Rhe2 29. Rxc7 Re1# 0-1

[Event "Titled Tuesday intern op 27th Sep Late"]
[Site "Chess.com INT"]
[Date "2022.09.27"]
[Round "9"]
[White "Wan, Caleb"]
[Black "Petrovic, Aleksa"]
[Result "0-1"]
[WhiteElo "1994"]
[BlackElo "2237"]
[PlyCount "32"]
[EventDate "2022.09.27"]
[EventType "swiss (blitz)"]
[EventRounds "11"]
[EventCountry "USA"]
[SourceTitle "CBM 210 Extra"]
[Source "ChessBase"]
[SourceDate "2022.11.30"]
[SourceVersion "1"]
[SourceVersionDate "2022.11.30"]
[SourceQuality "1"]

1. e4 e6 2. d4 d5 3. exd5 exd5 4. Nf3 Nf6 5. Bg5 Be7 6. Bd3 0-0 7. 0-0 c5 8. c3 Nc6 9. Nbd2 h6 10. Bh4 Bg4 11. Qc2 Rc8 12. Bf5 Bxf5 13. Qxf5 cxd4 14. cxd4 Re8 15. Rfe1 Qd7 16. Ne5 Qxf5 0-1

[Event "Titled Tuesday intern op 08th June"]
[Site "Chess.com INT"]
[Date "2021.06.08"]
[Round "2"]
[White "Kim, Sergey2222"]
[Black "Wan, Caleb"]
[Result "1-0"]
[WhiteElo "2295"]
[BlackElo "2013"]
[PlyCount "89"]
[EventDate "2021.06.08"]
[EventType "swiss (blitz)"]
[EventRounds "11"]
[EventCountry "USA"]
[SourceTitle "CBM 202 Extra"]
[Source "ChessBase"]
[SourceDate "2021.07.31"]
[SourceVersion "1"]
[SourceVersionDate "2021.07.31"]
[SourceQuality "1"]

1. d4 d5 2. c4 e6 3. Nc3 c6 4. e3 Nf6 5. Nf3 Nbd7 6. a3 b6 7. Bd3 Bb7 8. 0-0 c5 9. cxd5 exd5 10. Ne5 Bd6 11. f4 0-0 12. Qf3 Re8 13. Bf5 g6 14. Bh3 Re7 15. Bd2 Nf8 16. Be1 Ne4 17. Bh4 f6 18. Ng4 Rf7 19. Rad1 Kg7 20. Ne5 Re7 21. Nxe4 dxe4 22. Qf2 Ba6 23. Rfe1 Qc7 24. Ng4 Rf7 25. dxc5 bxc5 26. Kh1 Bd3 27. Qg3 h5 28. Nf2 c4 29. Nxd3 cxd3 30. Bf5 Qa5 31. Bxe4 Rb8 32. Rxd3 Be7 33. b4 Qa4 34. Bd5 a5 35. Bxf7 Kxf7 36. f5 g5 37. Qxb8 gxh4 38. Qa7 Qc2 39. Qd4 h3 40. gxh3 axb4 41. axb4 Qf2 42. Qd5+ Ke8 43. Rc1 Nd7 44. Rc8+ Bd8 45. Qxd7+ 1-0

[Event "Titled Tuesday intern op 08th June"]
[Site "Chess.com INT"]
[Date "2021.06.08"]
[Round "7"]
[White "Wan, Caleb"]
[Black "Perrine, Dalton"]
[Result "1/2-1/2"]
[WhiteElo "2013"]
[BlackElo "2226"]
[PlyCount "95"]
[EventDate "2021.06.08"]
[EventType "swiss (blitz)"]
[EventRounds "11"]
[EventCountry "USA"]
[SourceTitle "CBM 202 Extra"]
[Source "ChessBase"]
[SourceDate "2021.07.31"]
[SourceVersion "1"]
[SourceVersionDate "2021.07.31"]
[SourceQuality "1"]

1. e4 c5 2. Nf3 e6 3. d4 cxd4 4. Nxd4 Nf6 5. Nc3 Nc6 6. Nxc6 bxc6 7. e5 Nd5 8. Ne4 Bb7 9. Be2 c5 10. 0-0 Qc7 11. f4 Ne3 12. Bxe3 Bxe4 13. c3 Qb7 14. Bf3 Be7 15. Qd2 0-0 16. Rad1 Rfd8 17. b3 a5 18. Qf2 Bxf3 19. Qxf3 Qxf3 20. Rxf3 a4 21. Bf2 axb3 22. axb3 Kf8 23. Rfd3 Ke8 24. c4 Rab8 25. Ra1 Rb7 26. Ra5 Rdb8 27. Bxc5 Bxc5+ 28. Rxc5 Rxb3 29. Rxb3 Rxb3 30. Kf2 Rc3 31. g4 Ke7 32. Kg2 f6 33. Kf2 fxe5 34. fxe5 g5 35. Kg2 Kd8 36. Kf2 Rc2+ 37. Kg3 h6 38. h3 Ke7 39. Kf3 Kd8 40. Kg3 Rc3+ 41. Kf2 Ke7 42. Kg2 Re3 43. Ra5 Re4 44. Rc5 Re3 45. Ra5 Rc3 46. Rc5 Kf7 47. Kh2 Ke7 48. Kg2 1/2-1/2

[Event "Titled Tuesday intern op 18th May"]
[Site "Chess.com INT"]
[Date "2021.05.18"]
[Round "3"]
[White "Bernadskiy, Vitaliy"]
[Black "Wan, Caleb"]
[Result "1-0"]
[WhiteElo "2587"]
[BlackElo "2013"]
[PlyCount "73"]
[EventDate "2021.05.18"]
[EventType "swiss (blitz)"]
[EventRounds "11"]
[EventCountry "USA"]
[SourceTitle "CBM 202 Extra"]
[Source "ChessBase"]
[SourceDate "2021.07.31"]
[SourceVersion "1"]
[SourceVersionDate "2021.07.31"]
[SourceQuality "1"]

1. d4 d5 2. Bg5 Nf6 3. Nd2 Nbd7 4. e3 c5 5. Ngf3 e6 6. c4 Be7 7. cxd5 Nxd5 8. Bxe7 Qxe7 9. Bc4 N7f6 10. e4 Nb6 11. e5 Nfd5 12. Bd3 Bd7 13. Ne4 cxd4 14. Nd6+ Kf8 15. 0-0 Nc8 16. Nxb7 Rb8 17. Na5 Qb4 18. Nc4 Bb5 19. a3 Qc5 20. b4 Qc7 21. Rc1 Nc3 22. Qb3 Qd8 23. Nxd4 Qxd4 24. Qxc3 Qxc3 25. Rxc3 Ne7 26. Nd6 Bxd3 27. Rxd3 Nd5 28. f4 g6 29. g3 Kg7 30. Rc1 Rhd8 31. Kf2 Rd7 32. Rxd5 exd5 33. Ke3 a5 34. b5 Kf8 35. Kd4 Rxd6 36. exd6 Rxb5 37. Rc8+ 1-0

[Event "Titled Tuesday intern op 18th May"]
[Site "Chess.com INT"]
[Date "2021.05.18"]
[Round "1"]
[White "Wan, Caleb"]
[Black "Sonis, Francesco"]
[Result "1-0"]
[WhiteElo "2013"]
[BlackElo "2491"]
[PlyCount "75"]
[EventDate "2021.05.18"]
[EventType "swiss (blitz)"]
[EventRounds "11"]
[EventCountry "USA"]
[SourceTitle "CBM 202 Extra"]
[Source "ChessBase"]
[SourceDate "2021.07.31"]
[SourceVersion "1"]
[SourceVersionDate "2021.07.31"]
[SourceQuality "1"]

1. e4 e5 2. Nf3 Nc6 3. Bb5 a6 4. Ba4 d6 5. c3 g6 6. d4 Bd7 7. 0-0 Bg7 8. Re1 Nf6 9. Nbd2 0-0 10. h3 Re8 11. Bc2 Nh5 12. Nf1 Qe7 13. Bg5 Qf8 14. a4 Bh6 15. Ng3 Nf4 16. Ne2 Nxe2+ 17. Rxe2 Bxg5 18. Nxg5 Qh6 19. Nf3 Qf4 20. Qd2 Qf6 21. Qe3 exd4 22. cxd4 Nb4 23. Bb3 Be6 24. d5 Bxd5 25. Bxd5 Nxd5 26. Qb3 Nf4 27. Re3 b6 28. Rc1 Ne6 29. Qd5 a5 30. Rec3 Nc5 31. Re1 Re7 32. Qxa8+ Kg7 33. Qd5 Nxa4 34. Rc2 Nc5 35. Rce2 h5 36. e5 Qf5 37. Qd4 Nd3 38. exd6+ 1-0

[Event "Titled Tuesday intern op 18th May"]
[Site "Chess.com INT"]
[Date "2021.05.18"]
[Round "5"]
[White "Wan, Caleb"]
[Black "Vyatkin, Dmitry"]
[Result "0-1"]
[WhiteElo "2013"]
[BlackElo "2362"]
[PlyCount "58"]
[EventDate "2021.05.18"]
[EventType "swiss (blitz)"]
[EventRounds "11"]
[EventCountry "USA"]
[SourceTitle "CBM 202 Extra"]
[Source "ChessBase"]
[SourceDate "2021.07.31"]
[SourceVersion "1"]
[SourceVersionDate "2021.07.31"]
[SourceQuality "1"]

1. e4 e6 2. d4 d5 3. exd5 exd5 4. Nf3 Nf6 5. Bg5 Be7 6. Bd3 0-0 7. 0-0 Bg4 8. Nbd2 Nc6 9. c3 Bh5 10. Re1 Re8 11. Qc2 Bg6 12. Ne5 Nxe5 13. dxe5 Ng4 14. Bf4 Bh4 15. g3 Bg5 16. Nf3 Bxf4 17. gxf4 Qd7 18. f5 Bh5 19. h3 Nh6 20. Nd4 c5 21. e6 Qe7 22. exf7+ Qxf7 23. Ne6 c4 24. Bf1 Nxf5 25. Nf4 Bf3 26. Qd2 Be4 27. Bg2 Nh4 28. Bxe4 dxe4 29. Kh2 Nf3+ 0-1

[Event "Titled Tuesday intern op 27th Apr"]
[Site "Chess.com INT"]
[Date "2021.04.27"]
[Round "2"]
[White "Janaszak, Dawid"]
[Black "Wan, Caleb"]
[Result "1-0"]
[WhiteElo "2348"]
[BlackElo "2013"]
[PlyCount "87"]
[EventDate "2021.04.27"]
[EventType "swiss (blitz)"]
[EventRounds "11"]
[EventCountry "USA"]
[SourceTitle "CBM 202 Extra"]
[Source "ChessBase"]
[SourceDate "2021.07.31"]
[SourceVersion "1"]
[SourceVersionDate "2021.07.31"]
[SourceQuality "1"]

1. e4 e5 2. Nf3 Nc6 3. Bb5 a6 4. Ba4 Nf6 5. 0-0 Be7 6. Bxc6 dxc6 7. d3 Bd6 8. Nbd2 0-0 9. Nc4 Re8 10. Bg5 h6 11. Bh4 Qe7 12. h3 Qe6 13. a4 b6 14. Qd2 Nh5 15. Bg3 f6 16. Ne3 Qf7 17. Bh2 Be6 18. Kh1 Kh8 19. c4 c5 20. a5 b5 21. cxb5 axb5 22. g4 Nf4 23. Bxf4 exf4 24. Nf5 g6 25. Nxd6 cxd6 26. Qxf4 Kg7 27. d4 Bc4 28. Rfe1 cxd4 29. Qxd6 d3 30. a6 Ra7 31. b3 Re6 32. Qc5 Bxb3 33. Nd4 Bc4 34. Nxe6+ Bxe6 35. Qxb5 d2 36. Red1 h5 37. f3 hxg4 38. hxg4 g5 39. Rxd2 Qg6 40. Qb6 Rf7 41. a7 Rf8 42. Qxe6 Rh8+ 43. Rh2 Qh6 44. Rxh6 1-0

[Event "Titled Tuesday intern op 27th Apr"]
[Site "Chess.com INT"]
[Date "2021.04.27"]
[Round "10"]
[White "Okike, David"]
[Black "Wan, Caleb"]
[Result "0-1"]
[WhiteElo "2177"]
[BlackElo "2013"]
[PlyCount "128"]
[EventDate "2021.04.27"]
[EventType "swiss (blitz)"]
[EventRounds "11"]
[EventCountry "USA"]
[SourceTitle "CBM 202 Extra"]
[Source "ChessBase"]
[SourceDate "2021.07.31"]
[SourceVersion "1"]
[SourceVersionDate "2021.07.31"]
[SourceQuality "1"]

1. e4 e5 2. Nf3 Nc6 3. Bb5 a6 4. Ba4 Nf6 5. 0-0 Be7 6. Re1 b5 7. Bb3 0-0 8. c3 d5 9. exd5 Nxd5 10. Nxe5 Nxe5 11. Rxe5 c6 12. d4 Bd6 13. Re1 Qh4 14. g3 Qh3 15. Be3 Bg4 16. Qd3 Rae8 17. Nd2 Qh5 18. a4 Re6 19. axb5 axb5 20. Qf1 Rfe8 21. Bxd5 Qxd5 22. Qg2 Qh5 23. Ra6 Bh3 24. Qf3 Bg4 25. Qh1 f5 26. Qxc6 Bxg3 27. Qxe6+ Rxe6 28. Ra8+ Re8 29. Rxe8+ Qxe8 30. hxg3 Qc6 31. f3 Bxf3 32. Nxf3 Qxf3 33. Bf2 Qd3 34. Kg2 Qc2 35. Re5 Qxb2 36. Rxf5 Qxc3 37. Rc5 Qd3 38. Rc8+ Kf7 39. Rc7+ Kf6 40. Rc6+ Ke7 41. Rc7+ Kd6 42. Rxg7 b4 43. Rg8 b3 44. Rb8 Kc7 45. Rb4 Qc3 46. Rb5 Qc4 47. Rh5 Qd3 48. Rc5+ Kd7 49. Rd5+ Ke6 50. Re5+ Kd6 51. Re1 b2 52. Be3 b1Q 53. Bf4+ Kd7 54. Rxb1 Qxb1 55. Be5 Qe4+ 56. Kh3 Ke6 57. g4 Kf7 58. Kh4 Kg6 59. Kg3 Kg5 60. Kf2 Kxg4 61. Bh8 h5 62. Be5 h4 63. Kf1 Kf3 64. Kg1 Qc2 0-1

[Event "Titled Tuesday intern op 27th Apr"]
[Site "Chess.com INT"]
[Date "2021.04.27"]
[Round "7"]
[White "Wan, Caleb"]
[Black "Buscar, Michael"]
[Result "1-0"]
[WhiteElo "2013"]
[BlackElo "2088"]
[PlyCount "29"]
[EventDate "2021.04.27"]
[EventType "swiss (blitz)"]
[EventRounds "11"]
[EventCountry "USA"]
[SourceTitle "CBM 202 Extra"]
[Source "ChessBase"]
[SourceDate "2021.07.31"]
[SourceVersion "1"]
[SourceVersionDate "2021.07.31"]
[SourceQuality "1"]

1. e4 e5 2. Nf3 Nf6 3. Nxe5 d6 4. Nf3 Nxe4 5. Nc3 Nxc3 6. dxc3 Be7 7. Be3 Be6 8. Qd2 Qd7 9. 0-0-0 Nc6 10. Kb1 a6 11. h4 0-0-0 12. Ng5 Bxg5 13. hxg5 Ne5 14. Qd4 Qb5 15. Bxb5 1-0

[Event "Titled Tuesday intern op 27th Apr"]
[Site "Chess.com INT"]
[Date "2021.04.27"]
[Round "8"]
[White "Wan, Caleb"]
[Black "Manukian, Artak"]
[Result "0-1"]
[WhiteElo "2013"]
[BlackElo "2196"]
[PlyCount "108"]
[EventDate "2021.04.27"]
[EventType "swiss (blitz)"]
[EventRounds "11"]
[EventCountry "USA"]
[SourceTitle "CBM 202 Extra"]
[Source "ChessBase"]
[SourceDate "2021.07.31"]
[SourceVersion "1"]
[SourceVersionDate "2021.07.31"]
[SourceQuality "1"]

1. e4 c6 2. c4 d5 3. cxd5 cxd5 4. exd5 Nf6 5. Qa4+ Nbd7 6. Nc3 g6 7. Bc4 Bg7 8. d3 0-0 9. Nf3 Nb6 10. Qb3 Bf5 11. 0-0 Rc8 12. Re1 Nfd7 13. Bg5 Re8 14. d6 Nxc4 15. dxc4 Be6 16. Qxb7 Nc5 17. Qxa7 Qxd6 18. Rad1 Qb8 19. Qa3 Bxc4 20. Rxe7 Rxe7 21. Bxe7 Nd3 22. b3 Bxc3 23. bxc4 Nf4 24. Bd6 Rd8 25. c5 Bb4 26. Qe3 Ne6 27. h3 Bxc5 28. Bxb8 Rxd1+ 29. Kh2 Bxe3 30. fxe3 Ra1 31. Be5 Rxa2 32. Nd4 Nxd4 33. Bxd4 f5 34. Kg3 Kf7 35. Kf3 Ra3 36. Kg3 Ke6 37. Kf3 Kd5 38. Bg7 Ra4 39. Bh6 Re4 40. Bg5 Ke6 41. Bh6 Kf6 42. Bf4 g5 43. Bh2 h5 44. Bg3 h4 45. Bh2 Kg6 46. Bb8 Ra4 47. Bc7 Kh5 48. Bb8 g4+ 49. Kf2 Ra2+ 50. Kf1 g3 51. Bf4 Kg6 52. Be5 Rc2 53. Bf4 Kf6 54. Kg1 Rc1# 0-1

[Event "Titled Tuesday intern op 27th Apr"]
[Site "Chess.com INT"]
[Date "2021.04.27"]
[Round "3"]
[White "Wan, Caleb"]
[Black "Rodriguez, Santiago"]
[Result "0-1"]
[WhiteElo "2013"]
[BlackElo "2252"]
[PlyCount "100"]
[EventDate "2021.04.27"]
[EventType "swiss (blitz)"]
[EventRounds "11"]
[EventCountry "USA"]
[SourceTitle "CBM 202 Extra"]
[Source "ChessBase"]
[SourceDate "2021.07.31"]
[SourceVersion "1"]
[SourceVersionDate "2021.07.31"]
[SourceQuality "1"]

1. e4 c5 2. Nf3 Nc6 3. d4 cxd4 4. Nxd4 e5 5. Nb5 d6 6. N1c3 a6 7. Na3 b5 8. Nd5 Nge7 9. c4 Nd4 10. Bd3 Nxd5 11. cxd5 Be7 12. 0-0 0-0 13. Nc2 Nxc2 14. Qxc2 Bd7 15. Be3 Qb8 16. b4 Rc8 17. Qb2 Bd8 18. Rfc1 Bb6 19. Bg5 Bd4 20. Qb1 Rxc1+ 21. Qxc1 Bxa1 22. Qxa1 Qc7 23. Bd2 Rc8 24. h3 Qb6 25. Qb2 h6 26. Be3 Qc7 27. Bd2 Rf8 28. Qb1 Kh7 29. Kf1 g6 30. g4 h5 31. f3 hxg4 32. hxg4 Kg7 33. Kg2 Rh8 34. Qg1 Qd8 35. Qf2 Qh4 36. Qxh4 Rxh4 37. Bc3 f5 38. gxf5 gxf5 39. Bd2 f4 40. Bc3 Kf6 41. Be1 Rh8 42. Bd2 Rg8+ 43. Kf2 Kg5 44. Be2 Kh4 45. Bd3 Kh3 46. Bf1+ Kh2 47. Be1 Bh3 48. Be2 Rg2+ 49. Kf1 Kh1 50. Bh4 Rg4+ 0-1

[Event "Titled Tuesday intern op 16th Mar"]
[Site "Chess.com INT"]
[Date "2021.03.16"]
[Round "7"]
[White "Grochal, Joey"]
[Black "Wan, Caleb"]
[Result "1-0"]
[WhiteElo "2335"]
[BlackElo "2013"]
[PlyCount "51"]
[EventDate "2021.03.16"]
[EventType "swiss (blitz)"]
[EventRounds "11"]
[EventCountry "USA"]
[SourceTitle "CBM 201 Extra"]
[Source "ChessBase"]
[SourceDate "2021.05.31"]
[SourceVersion "1"]
[SourceVersionDate "2021.05.31"]
[SourceQuality "1"]

1. d4 d5 2. c4 e6 3. Nc3 c6 4. Nf3 Nf6 5. Bg5 dxc4 6. e4 b5 7. e5 h6 8. Bh4 g5 9. Nxg5 hxg5 10. Bxg5 Nbd7 11. exf6 Qa5 12. h4 Bb7 13. Be2 0-0-0 14. Bf3 Bb4 15. Qc2 c5 16. Bxb7+ Kxb7 17. Qe4+ Ka6 18. 0-0 cxd4 19. a4 dxc3 20. axb5+ Kxb5 21. Rxa5+ Bxa5 22. Qb7+ Bb6 23. bxc3 Ne5 24. Rb1+ Ka5 25. Be3 Nd7 26. Bxb6+ 1-0

[Event "Titled Tuesday intern op 16th Mar"]
[Site "Chess.com INT"]
[Date "2021.03.16"]
[Round "8"]
[White "Wan, Caleb"]
[Black "Ronka, Erik"]
[Result "1/2-1/2"]
[WhiteElo "2013"]
[BlackElo "2303"]
[PlyCount "72"]
[EventDate "2021.03.16"]
[EventType "swiss (blitz)"]
[EventRounds "11"]
[EventCountry "USA"]
[SourceTitle "CBM 201 Extra"]
[Source "ChessBase"]
[SourceDate "2021.05.31"]
[SourceVersion "1"]
[SourceVersionDate "2021.05.31"]
[SourceQuality "1"]

1. e4 Nf6 2. e5 Nd5 3. Nc3 Nxc3 4. bxc3 d6 5. f4 Bf5 6. Nf3 e6 7. d4 Be7 8. Bd3 Bxd3 9. Qxd3 0-0 10. 0-0 c5 11. Rb1 b6 12. Kh1 Nc6 13. Be3 Rc8 14. Rfd1 cxd4 15. cxd4 d5 16. c3 Na5 17. f5 Qd7 18. Bg5 Bxg5 19. Nxg5 exf5 20. Rf1 h6 21. Nh3 Rc6 22. Rxf5 Rxc3 23. Qxc3 Qxf5 24. Re1 Rc8 25. Qg3 Rc4 26. Qe3 Nc6 27. Rd1 Qc2 28. Rf1 Rxd4 29. e6 fxe6 30. Qxe6+ Kh7 31. Qe8 Rd1 32. Ng5+ hxg5 33. Qh5+ Kg8 34. Qe8+ Kh7 35. Qh5+ Kg8 36. Qe8+ Kh7 1/2-1/2

[Event "Titled Tuesday intern op 5th May"]
[Site "Chess.com INT"]
[Date "2020.05.05"]
[Round "6"]
[White "Mahajan, Rushaan"]
[Black "Wan, Caleb"]
[Result "0-1"]
[WhiteElo "2151"]
[BlackElo "2013"]
[PlyCount "42"]
[EventDate "2020.05.05"]
[EventType "swiss (blitz)"]
[EventRounds "10"]
[EventCountry "USA"]
[SourceTitle "EXT 2021"]
[Source "ChessBase"]
[SourceDate "2020.10.23"]
[SourceVersion "1"]
[SourceVersionDate "2020.10.23"]
[SourceQuality "1"]

1. Nf3 d5 2. b3 Nf6 3. Bb2 c5 4. e3 e6 5. c4 Be7 6. cxd5 exd5 7. Be2 0-0 8. 0-0 Nc6 9. d4 Bf5 10. Nbd2 Re8 11. a3 Rc8 12. dxc5 Bxc5 13. b4 Bb6 14. Nb3 Ne4 15. Rc1 Bg6 16. Nfd4 Qe7 17. Bf3 Ne5 18. Be2 Nc4 19. Rc2 Nxb2 20. Rxb2 Nc3 21. Bd3 Nxd1 0-1

[Event "Titled Tuesday intern op 5th May"]
[Site "Chess.com INT"]
[Date "2020.05.05"]
[Round "7"]
[White "Wan, Caleb"]
[Black "Freitag, Manfred"]
[Result "1/2-1/2"]
[WhiteElo "2013"]
[BlackElo "2356"]
[PlyCount "76"]
[EventDate "2020.05.05"]
[EventType "swiss (blitz)"]
[EventRounds "10"]
[EventCountry "USA"]
[SourceTitle "EXT 2021"]
[Source "ChessBase"]
[SourceDate "2020.10.23"]
[SourceVersion "1"]
[SourceVersionDate "2020.10.23"]
[SourceQuality "1"]

1. e4 c5 2. Nf3 d6 3. d4 cxd4 4. Nxd4 Nf6 5. Nc3 a6 6. f4 e5 7. Nf3 Nbd7 8. a4 Be7 9. Bc4 0-0 10. 0-0 exf4 11. Kh1 Ne5 12. Bb3 Ng6 13. Ne2 Nxe4 14. Nxf4 Nxf4 15. Bxf4 Nc5 16. Bd5 Be6 17. b4 Bxd5 18. Qxd5 Ne6 19. Bg3 Qc7 20. c4 Rac8 21. c5 Rfd8 22. Qf5 Qc6 23. Ne5 dxe5 24. Qxf7+ Kh8 25. Qxe7 Re8 26. Qh4 Nf4 27. Bxf4 exf4 28. Qxf4 a5 29. bxa5 Qxc5 30. Rac1 Qe7 31. h3 h6 32. Rxc8 Rxc8 33. Qf7 Qe4 34. Qf3 Qxf3 35. Rxf3 Rc5 36. Rb3 Rxa5 37. Rxb7 Rxa4 38. Rb3 Ra2 1/2-1/2

[Event "Titled Tuesday intern op 28th Apr"]
[Site "Chess.com INT"]
[Date "2020.04.28"]
[Round "7"]
[White "Gschnitzer, Adrian"]
[Black "Wan, Caleb"]
[Result "1-0"]
[WhiteElo "2404"]
[BlackElo "2013"]
[PlyCount "57"]
[EventDate "2020.04.28"]
[EventType "swiss (blitz)"]
[EventRounds "10"]
[EventCountry "USA"]
[SourceTitle "EXT 2021"]
[Source "ChessBase"]
[SourceDate "2020.10.23"]
[SourceVersion "1"]
[SourceVersionDate "2020.10.23"]
[SourceQuality "1"]

1. c4 e6 2. Nc3 d5 3. d4 c6 4. e4 dxe4 5. Nxe4 Bb4+ 6. Bd2 Qxd4 7. Bxb4 Qxe4+ 8. Be2 a5 9. Bd6 Nh6 10. Nf3 Nf5 11. Bc7 Nd7 12. 0-0 0-0 13. h3 Nh4 14. Re1 Nxf3+ 15. Bxf3 Qxc4 16. Re4 Qd5 17. Rd4 Qb5 18. a4 Qc5 19. Bd6 Qb6 20. Bxf8 Nxf8 21. Rd8 Qc7 22. Qd2 Rb8 23. Rd1 b5 24. Bxc6 bxa4 25. Qc3 Ba6 26. Rxb8 Qxb8 27. Qxa5 Bb7 28. Rd8 Qf4 29. Rxf8+ 1-0

[Event "Titled Tuesday intern op 28th Apr"]
[Site "Chess.com INT"]
[Date "2020.04.28"]
[Round "1"]
[White "Wan, Caleb"]
[Black "Kavyev, Ruslan"]
[Result "1-0"]
[WhiteElo "2013"]
[BlackElo "2327"]
[PlyCount "135"]
[EventDate "2020.04.28"]
[EventType "swiss (blitz)"]
[EventRounds "10"]
[EventCountry "USA"]
[SourceTitle "EXT 2021"]
[Source "ChessBase"]
[SourceDate "2020.10.23"]
[SourceVersion "1"]
[SourceVersionDate "2020.10.23"]
[SourceQuality "1"]

1. e4 c5 2. Nf3 d6 3. d4 cxd4 4. Nxd4 Nf6 5. Nc3 a6 6. f4 Qc7 7. a4 e5 8. Nf3 Be7 9. Bd3 0-0 10. 0-0 b6 11. Kh1 Bb7 12. Nh4 Re8 13. Nf5 Bf8 14. fxe5 dxe5 15. Qf3 Nbd7 16. Bg5 Kh8 17. Qh3 Re6 18. Rf3 Rd8 19. Raf1 Nc5 20. Bc4 Ncxe4 21. Bxf6 Rxf6 22. Bd3 Nxc3 23. Nxg7 e4 24. Rxf6 Bxg7 25. Rxf7 Qc6 26. bxc3 exd3 27. cxd3 Ba8 28. Qg4 Qg6 29. Qh3 Bc6 30. d4 Bxa4 31. Qh4 Rg8 32. R7f3 Bc6 33. Rg3 Qh6 34. Qxh6 Bxh6 35. Rxg8+ Kxg8 36. Rf6 Bd2 37. Rxc6 a5 38. c4 Be3 39. Rxb6 Bxd4 40. Ra6 Bc3 41. g4 Kf7 42. Kg2 Ke7 43. Kf3 h6 44. h3 Bd2 45. Ke4 Kd7 46. Kd5 Kc7 47. Kc5 Kb7 48. Kb5 Kc7 49. Rg6 Kb8 50. h4 Kc7 51. h5 Kb7 52. c5 Kc8 53. Kc6 Kd8 54. Kb7 Ke7 55. c6 Bf4 56. c7 Bxc7 57. Kxc7 a4 58. Rxh6 a3 59. Ra6 a2 60. Rxa2 Kf7 61. Rg2 Kg8 62. Kd6 Kh7 63. Ke6 Kh8 64. Kf6 Kg8 65. Kg6 Kh8 66. Rf2 Kg8 67. Rf1 Kh8 68. Rf8# 1-0

[Event "Titled Tuesday intern op 28th Apr"]
[Site "Chess.com INT"]
[Date "2020.04.28"]
[Round "2"]
[White "Wan, Caleb"]
[Black "Maly, Alexey"]
[Result "1-0"]
[WhiteElo "2013"]
[BlackElo "2371"]
[PlyCount "81"]
[EventDate "2020.04.28"]
[EventType "swiss (blitz)"]
[EventRounds "10"]
[EventCountry "USA"]
[SourceTitle "EXT 2021"]
[Source "ChessBase"]
[SourceDate "2020.10.23"]
[SourceVersion "1"]
[SourceVersionDate "2020.10.23"]
[SourceQuality "1"]

1. e4 c6 2. c4 d5 3. cxd5 cxd5 4. exd5 Nf6 5. Qa4+ Nbd7 6. Nc3 g6 7. Bc4 Bg7 8. d3 0-0 9. Nf3 a6 10. Qa3 Ne8 11. Bf4 Nb6 12. Qb3 Nd6 13. 0-0 Nf5 14. a4 Nd7 15. Rfe1 Nf6 16. Qa3 Re8 17. Ne5 Nd6 18. Rad1 Bf5 19. h3 Rc8 20. g4 Bd7 21. Ba2 h5 22. g5 Nh7 23. h4 Nf8 24. Ne4 Bf5 25. Nxd6 exd6 26. Nc4 Rxe1+ 27. Rxe1 Bh3 28. Qxd6 Nd7 29. Qe7 Nc5 30. Nd6 Nxd3 31. Nxc8 Qxc8 32. Qe8+ Qxe8 33. Rxe8+ Kh7 34. Bg3 Bxb2 35. d6 Kg7 36. Re7 Ba3 37. Rxf7+ Kg8 38. d7 Bf8 39. Rxf8+ Kxf8 40. d8Q+ Kg7 41. Qxd3 1-0

[Event "Titled Tuesday intern op 14th April"]
[Site "Chess.com INT"]
[Date "2020.04.14"]
[Round "4"]
[White "Panda, Vedic"]
[Black "Wan, Caleb"]
[Result "0-1"]
[WhiteElo "2069"]
[BlackElo "2013"]
[PlyCount "96"]
[EventDate "2020.04.14"]
[EventType "swiss (blitz)"]
[EventRounds "10"]
[EventCountry "USA"]
[SourceTitle "EXT 2021"]
[Source "ChessBase"]
[SourceDate "2020.10.23"]
[SourceVersion "1"]
[SourceVersionDate "2020.10.23"]
[SourceQuality "1"]

1. e4 e5 2. Nf3 Nc6 3. Bb5 a6 4. Ba4 Nf6 5. 0-0 Be7 6. d4 exd4 7. e5 Ne4 8. Re1 d5 9. Nxd4 Bd7 10. Bxc6 Bxc6 11. Nf5 0-0 12. Qg4 g6 13. f3 Bc5+ 14. Kf1 Nf2 15. Qg3 Bb5+ 16. Re2 Bxe2+ 17. Kxe2 Re8 18. Nh6+ Kg7 19. Bg5 f6 20. Bh4 Rxe5+ 21. Qxe5 fxe5 22. Bxd8 Rxd8 23. Nd2 Kxh6 24. Nb3 Bb6 25. Rc1 e4 26. c4 exf3+ 27. gxf3 dxc4 28. Rxc4 Re8+ 29. Kf1 Kg5 30. Nd2 Nd3 31. Ne4+ Kf5 32. b3 Ne5 33. Ng3+ Kf6 34. Re4 Rd8 35. f4 Ng4 36. Ke2 Nxh2 37. f5 gxf5 38. Rh4 Ng4 39. Rxh7 Re8+ 40. Kf3 Ne5+ 41. Kg2 Rg8 42. Kh3 f4 43. Nh5+ Kf5 44. Re7 f3 45. Ng3+ Kf4 46. Nh5+ Ke4 47. Nf6+ Kf5 48. Nxg8 Ng6 0-1

[Event "Titled Tuesday intern op 14th April"]
[Site "Chess.com INT"]
[Date "2020.04.14"]
[Round "7"]
[White "Stearman, Josiah P"]
[Black "Wan, Caleb"]
[Result "1-0"]
[WhiteElo "2349"]
[BlackElo "2013"]
[PlyCount "121"]
[EventDate "2020.04.14"]
[EventType "swiss (blitz)"]
[EventRounds "10"]
[EventCountry "USA"]
[SourceTitle "EXT 2021"]
[Source "ChessBase"]
[SourceDate "2020.10.23"]
[SourceVersion "1"]
[SourceVersionDate "2020.10.23"]
[SourceQuality "1"]

1. e4 e5 2. Nf3 Nc6 3. Bc4 Nf6 4. d3 Bc5 5. 0-0 0-0 6. h3 h6 7. c3 d6 8. a4 a5 9. Na3 Be6 10. Bb5 Qb8 11. d4 exd4 12. cxd4 Bxa3 13. Rxa3 Nb4 14. Re1 c6 15. Bf1 d5 16. e5 Ne4 17. Bf4 Qd8 18. Nd2 Nxd2 19. Qxd2 Qh4 20. Rg3 Kh8 21. Be3 Rae8 22. Kh2 f5 23. exf6 Qxf6 24. Qc3 Bg8 25. Qc5 Bh7 26. Rc1 Ra8 27. Rf3 Qd8 28. Rxf8+ Qxf8 29. Be2 Qxc5 30. Rxc5 b6 31. Rc3 Re8 32. Bg4 Re7 33. Bf4 Re4 34. Be5 Re1 35. Bd7 Bc2 36. Bxc6 Nxc6 37. Rxc6 Bxa4 38. Rxh6+ Kg8 39. Rxb6 Re2 40. Rb8+ Kh7 41. Rb7 Rxf2 42. Rxg7+ Kh6 43. Ra7 Bc2 44. Kg3 Re2 45. Ra6+ Kh5 46. Bf4 Bg6 47. Rd6 Rxb2 48. Rxd5+ Bf5 49. Rxf5+ Kg6 50. Rxa5 Rb7 51. Kg4 Rd7 52. Ra6+ Kh7 53. Rd6 Rf7 54. d5 Rb7 55. Re6 Kg7 56. d6 Rb1 57. g3 Rd1 58. Re7+ Kg6 59. h4 Kf6 60. h5 Rxd6 61. Bg5# 1-0